000 01182nji a22002777a 4500
005 20100831102949.0
006 a|||||r|||||00| 0
007 sd ammalaaahaa
008 100830t xxu||||| |||| 00| 0 eng d
028 _aGE 7811
_bColumbia
035 _aGR-205
040 _aSED
_cSED
100 _917455
_aHemanta Kumar
245 _aJag biti duniya kehati - geet /
_cby Hemanta Kumar ; music by Durga Sen ; lyrics by B. C. Madhur
_h[sound recording] :
246 _aनैनो में दो नैन समाये / सी एच आत्मा द्वारा
260 _bColumbia
300 _a1 sound disc [Gramophone Recording]:
_banalog, 33 1/3 rpm
_c9.5 in. (MP)
_fGramophone Record
500 _aBrief Record
505 _aSide-2 दिल को लेकर तुम किनारे हो गए - गीत (Dil ko lekar tum kinare ho gaye - geet) (Hemanta Kumar)
650 _aClassical music
_zIndia
_91186
_xExcerpts
700 _917416
_aSen, durga
700 _917456
_aMadhur, B. C.
700 _aRajasthani, Madhukar
_917864
942 _2ddc
_cGR
999 _c43326
_d43326